Normal view
MARC view
- Organisation for Economic Co-operation and Development.
Entry Corporate Name
001 - CONTROL NUMBER
- control field: 256
003 - CONTROL NUMBER IDENTIFIER
- control field: OSt
005 - DATE AND TIME OF LATEST TRANSACTION
- control field: 20170417145930.0
008 - FIXED-LENGTH DATA ELEMENTS
- fixed length control field: 170417|| aca||aabn | a|a d
040 ## - CATALOGING SOURCE
- Original cataloging agency: OSt
- Transcribing agency: OSt
110 ## - HEADING--CORPORATE NAME
- Corporate name or jurisdiction name as entry element: Organisation for Economic Co-operation and Development.
670 ## - SOURCE DATA FOUND
- Source citation: Work cat.: (OSt): Consumption tax trends 2008 : , c2008.

PORTAL AKMAL
E-MEL JKDM
AKMAL2U
G-BAM
u-PUSTAKA